Business briefing (Record no. 119334)

MARC details
000 -LEADER
fixed length control field 01394cas a22002535a 4500
001 - CONTROL NUMBER
control field L153368
008 - FIXED-LENGTH DATA ELEMENTS--GENERAL INFORMATION
fixed length control field 110718c2008 xxkar eng u
035 ## - SYSTEM CONTROL NUMBER
System control number (Sirsi) u153368
041 0# - LANGUAGE CODE
Language code of text/sound track or separate title eng
050 ## - LIBRARY OF CONGRESS CALL NUMBER
Classification number 333.33 $2 18
110 2# - MAIN ENTRY--CORPORATE NAME
Corporate name or jurisdiction name as entry element Cushman & Wakefield
9 (RLIN) 5888
245 00 - TITLE STATEMENT
Title Business briefing
Remainder of title Great Britain capital markets office and industrial overview
Medium [electronic resource]
260 ## - PUBLICATION, DISTRIBUTION, ETC.
Place of publication, distribution, etc. London
Name of publisher, distributor, etc. Cushman & Wakefield
Date of publication, distribution, etc. 2008-
362 0# - DATES OF PUBLICATION AND/OR SEQUENTIAL DESIGNATION
Dates of publication and/or sequential designation Q3 2008-
490 #0 - SERIES STATEMENT
Series statement Cushman & Wakefield Business Briefing Great Britain Capital Markets Office and Industrial Overview
520 ## - SUMMARY, ETC.
Summary, etc. Provides the fullest insight into the most recent capital market activity and an analysis of the current trends (excluding central London): market summary, regional map, overview, and assessment by region.
554 ## -
-- Annual
650 24 - SUBJECT ADDED ENTRY--TOPICAL TERM
Topical term or geographic name entry element CUSHMAN & WAKEFIELD BUSINESS BRIEFING GREAT BRITAIN CAPITAL MARKETS OFFICE AND INDUSTRIAL OVERVIEW
651 #4 - SUBJECT ADDED ENTRY--GEOGRAPHIC NAME
Geographic name United Kingdom
Chronological subdivision
690 ## - LOCAL SUBJECT ADDED ENTRY--TOPICAL TERM (OCLC, RLIN)
Topical term or geographic name as entry element PROPERTY-COMMERCIAL PROPERTY-COMMERCIAL PROPERTY FINANCE AND INVESTMENT
690 ## - LOCAL SUBJECT ADDED ENTRY--TOPICAL TERM (OCLC, RLIN)
Topical term or geographic name as entry element PROPERTY-COMMERCIAL PROPERTY-COMMERCIAL PROPERTY MARKET
856 40 - ELECTRONIC LOCATION AND ACCESS
Uniform Resource Identifier <a href="https://www.cushwake.com/cwglobal/jsp/kcGlobalReportArchive.jsp?Country=GLOBAL&Language=EN&catId=100001&sector=ALL">https://www.cushwake.com/cwglobal/jsp/kcGlobalReportArchive.jsp?Country=GLOBAL&Language=EN&catId=100001&sector=ALL</a>
Public note View the business briefing free of charge after registration (scroll through page links for earlier issues) at www.cushwake.com
942 ## - ADDED ENTRY ELEMENTS (KOHA)
Suppress in OPAC 0
Holdings
Withdrawn status Lost status Source of classification or shelving scheme Damaged status Not for loan Home library Current library Shelving location Date acquired Total Checkouts Full call number Barcode Date last seen Copy number Price effective from Koha item type
    Dewey Decimal Classification     Virtual Virtual Online 18/07/2011   ONLINE PUBLICATION 153368-2001 06/08/2019 1 06/08/2019 Book